000 00434nam a2200169 a 4500
001 26966
005 20180713225607.0
008 140415s1980 mx 000 0 spa d
020 _a9681306449
041 _aspa
082 _a658
100 1 _aVAZQUEZ MARTINEZ, CUAUHTEMOC
245 1 0 _aPRINCIPIOS DE ADMINISTRACION POR OBJETIVOS
250 _a1ª EDICIÓN
260 _aMEXICO :
_bDIANA,
_c1980
520 _aCG
999 _c26966
_d26966